Most Populous Connecticut Municipalities in 1960 - Statistics

General Stats
  • This quiz has been taken 2 times
  • The average score is 9 of 20
Answer Stats
Population County Status Municipality % Correct
156,748 Fairfield City Bridgeport
100%
162,178 ________ City Hartford
100%
152,048 ___ _____ City New Haven
100%
92,713 Fairfield City Stamford
100%
107,130 New Haven City Waterbury
100%
45,499 Hartford City Bristol
50%
43,977 Hartford Town East Hartford
50%
46,183 _______ Town Fairfield
50%
53,793 Fairfield Town Greenwich
50%
41,662 New Haven City Milford
50%
62,382 Hartford Town West Hartford
50%
43,002 New Haven Town West Haven
50%
39,382 Fairfield City Danbury
0%
41,056 New Haven Town Hamden
0%
42,102 Hartford Town Manchester
0%
51,850 New Haven City Meriden
0%
82,201 Hartford City New Britain
0%
67,775 Fairfield City Norwalk
0%
38,506 New London City Norwich
0%
45,012 Fairfield Town Stratford
0%
No matching quizzes found
Score Distribution
Percent of People with Each Score
Percentile by Number Answered
Your Score History
You have not taken this quiz